1506 1498 1886 1575 1077 1204 1258 1561 1395 1911 1144 1879 1599 1074 1181 1521 1708 1527 1280 1089 1644 1779 1275 1765 1523 1527 1614 1895 1764 1414 1771 1632 1954 1071 1261 1591 1455 1808 1710 1401 1248 1899 1333 1076 1762 1041 1426 1010 1833 1613 1243 1999 1573 1429 1380 1514 1758 1491 1205 1187 1058 1499 1903 1863 1591 1830 1679 1533 1636 1533 1792 1643 1459 1640 1702 1632 1055 1244 1640 1695 1583 1065 1353 1513 1561 1004 1092 1903 1782 1216 1369 1244 1979 1383 1595 1849 1603 1439 1512 BCNSPRNW ULIB Ver.6.0+V

เปลี่ยนเป็นภาษาไทย

Change to English
 แสดงรายละเอียดบรรณานุกรม
  กลับหน้าหลัก

Brief Record : Get Marc (ISO 2709) : E-mail record : QR code < ปิดหน้าต่าง
LEADER : 00000nam 2200000uu 4500
001    13399111350
003     ULIB
008    110623s2549||||th 000 0 tha d
020    9749980328
060  4 QU4^bส46ค ล.2
245 10 เคมีทั่วไป เล่ม 2 /^cผู้เรียบเรียง, ประภาณี เกษมศรี ณอยุธยา ... [และคนอื่นๆ] ; บรรณาธิการ, สุภาพ บุณยะรัตเวช
250    พิมพ์ครั้งที่ 8
260    กรุงเทพฯ :^bภาควิชาเคมี คณะวิทยาศาสตร์จุฬาลงกรณ์มหาวิทยาลัย,^c2549
300    415 หน้า :^bภาพประกอบ,^c26 ซม.
650  7 เคมี
700 0  ประภาณี เกษมศรี ณ อยุธยา
700 0  สุภาพ บุณยะรัตเวช,^eบรรณาธิการ
710 2  จุฬาลงกรณ์มหาวิทยาลัย. ^bคณะวิทยาศาสตร์. ^bภาควิชาเคมี
945    ^p160^l0^i14099
945    ^p160^l0^i14098
995    กัณชพร
999 ^a ใช้งานได้ทุกระบบ
รายการนี้ยังไม่มีแท็ก
คุณยังไม่ได้ล็อกอิน คุณสามารถมีกิจกรรมร่วมกับเว็บไซต์ได้ แต่ต้องล็อกอินก่อน ::
  ล็อกอิน

รายการสื่อสารสนเทศ

ลำดับที่ ประเภท เลขเรียก/บาร์โค้ด สถานที่ สถานะ
- ไม่พบข้อมูล -

รายการใกล้เคียง
    หัวเรื่อง [เคมี]

BibComment


ยังไม่เคยถูกคอมเมนท์

คอมเมนท์ทรัพยากรรายการนี้
  คอมเมนท์: เคมีทั่วไป เล่ม 2..


 Copyright 2026. Bcnsprnw @Library